01268nam a2200313Ia 4500001001200000003000800012006001900020007001500039008004100054020001500095020002100110020001800131040002100149035002100170050002300191100002300214245013000237246006500367260005900432300001600491504005600507533015200563650001900715650003100734655002900765710001700794856012600811999001700937ebr10326878CaPaEBRm u cr cn|||||||||050413r20042001enk sb 000 0 eng d z1412901774 z1412901782 (pbk) z9781412901772 aCaPaEBRcCaPaEBR a(OCoLC)49136380714aRC480b.S65 2004eb1 aSpinelli, Ernesto.14aThe mirror and the hammerh[electronic resource] :bchallenging orthodoxies in psychotherapeutic thought /cErnesto Spinelli.3 aMirror and the hammer :bchallenges to therapeutic orthodoxy aLondon ;aThousand Oaks, Calif. :bSage,c2004, c2001. axii, 187 p. aIncludes bibliographical references (p. [176]-187). aElectronic reproduction.bPalo Alto, Calif. :cebrary,d2009.nAvailable via World Wide Web.nAccess may be limited to ebrary affiliated libraries. 0aPsychotherapy. 0aMental illnessxTreatment. 7aElectronic books.2local2 aebrary, Inc.40uhttp://site.ebrary.com/lib/rucke/Doc?id=10326878zAn electronic book accessible through the World Wide Web; click to view c56118d56118